Loading...
Kuruthikkalam /
| Main Author: | |
|---|---|
| Format: | Printed Book |
| Language: | Malayalam |
| Published: |
Calicut :
Poorna ,
1978.
|
| LEADER | 00425nam a2200145Ia 4500 | ||
|---|---|---|---|
| 008 | 150624b xxu||||| |||| 00| | mal d | ||
| 082 | |a M | ||
| 100 | |a Gopinath, C. G. | ||
| 245 | |c C. G. Gopinath |a Kuruthikkalam / | ||
| 260 | |a Calicut : |b Poorna , |c 1978. | ||
| 300 | |a 113 p. | ||
| 546 | |a In Malayalam. | ||
| 942 | |c BK | ||
| 999 | |c 76921 |d 76921 | ||
| 952 | |0 0 |1 0 |4 0 |6 M |7 0 |9 76865 |a UL |b UL |c ST2 |d 1998-09-15 |l 0 |o M |p 43378 |r 2012-10-27 |w 2012-10-27 |y BK | ||